| 000 | 01232nam2a22002771 4500 | ||
|---|---|---|---|
| 001 | rc\157138 | ||
| 005 | 20250612182804.0 | ||
| 010 |
_a5-229-00798-2 _91000 |
||
| 035 | _a(NLR Aleph) 008781033 | ||
| 090 |
_a7982477 _c7982477 |
||
| 100 | _a20030307d1995 |||y0rusy50 ca | ||
| 101 | 0 | _arus | |
| 102 | _aRU | ||
| 105 | _aa ||||||||| | ||
| 200 | 1 |
_aОсновные положения _eКн. 1 _fПер. Л.И. Гладштейна и др. |
|
| 210 |
_d1995 _aБ. м. |
||
| 215 |
_a446, [1] с. _cил. |
||
| 300 | _aПеревод изд.: Werkstoffkunde. Stahl. B. 1. Grundlagen (Berlin etc., 1984) | ||
| 320 | _aБиблиогр.: с. 423-439 | ||
| 320 | _aПредмет. указ.: с. 440-445 | ||
| 461 | 0 |
_1001rc\157137 _12001#$aМеталловедение. Сталь$eСправочник$eВ 2 т. (4 кн.)$f[Сост. В. Енихе и др.]$gПер. с нем. под ред. М.Л. Бернштейна$vТ. 1 _97833861 _cМ. _d1995- _f[Сост. В. Енихе и др.] _nМеталлургия _oСправочник : В 2 т. (4 кн.) _tМеталловедение. Сталь _y5229007974 _vТ. 1 |
|
| 801 | 0 |
_aRU _bNLR _gpsbo |
|
| 801 | 1 |
_aRU _bELAR _2rusmarc |
|
| 852 |
_aNLR _j95-5/1660 |
||
| 942 | _cBOOK | ||
| 980 | _aNB | ||